<?xml version="1.0" encoding="UTF-8"?>
<collection xmlns:xsi="http://www.w3.org/2001/XMLSchema-instance" xsi:schemaLocation="http://www.loc.gov/MARC21/slim http://www.loc.gov/standards/marcxml/schema/MARC21slim.xsd" xmlns="http://www.loc.gov/MARC21/slim">
 <record>
  <leader>00000ctm a22000007a 4500</leader>
  <controlfield tag="001">UP-8027390931316335141</controlfield>
  <controlfield tag="003">Buklod</controlfield>
  <controlfield tag="005">20250127102652.0</controlfield>
  <controlfield tag="006">a     r    |||| u|</controlfield>
  <controlfield tag="007">ta</controlfield>
  <controlfield tag="008">250127s        xx     d     r    |||| u|</controlfield>
  <datafield tag="035" ind1=" " ind2=" ">
   <subfield code="a">(iLib)UPMIN-00039442026</subfield>
  </datafield>
  <datafield tag="040" ind1=" " ind2=" ">
   <subfield code="c">UPMin</subfield>
  </datafield>
  <datafield tag="090" ind1=" " ind2=" ">
   <subfield code="a">LG993.5 2021</subfield>
   <subfield code="b">A7 P65</subfield>
  </datafield>
  <datafield tag="100" ind1="1" ind2=" ">
   <subfield code="a">Polo, Abigail T.</subfield>
  </datafield>
  <datafield tag="245" ind1="0" ind2="0">
   <subfield code="a">Exploring the relationship between neighborhood environment satisfaction and physical activity engagement among older adults</subfield>
   <subfield code="b">a case study in Poblacion District, Davao City</subfield>
   <subfield code="c">Abigail T. Polo; Minerva T. Rosel, adviser.</subfield>
  </datafield>
  <datafield tag="264" ind1=" " ind2="1">
   <subfield code="c">2021</subfield>
  </datafield>
  <datafield tag="300" ind1=" " ind2=" ">
   <subfield code="a">224 leaves</subfield>
  </datafield>
  <datafield tag="502" ind1=" " ind2=" ">
   <subfield code="a">Thesis(BS Architecture) --University of the Philippines Mindanao, 2021</subfield>
  </datafield>
  <datafield tag="520" ind1="3" ind2=" ">
   <subfield code="a">With the increasing growth of the elderly population, the group faces  numerous physical and social role changes that challenge their capacity to  live better lives. This promotes the need to support and provide the services  needed by Senior Citizens. With the use of Active Aging Theory proposed  by Baldassar &amp; Atkins (2020) and the Environmental Characteristics in  relation to Active Aging theory by Moran et al. (2014), this research analyzed  the relationship between the satisfaction on neighborhood environment  characteristics and the older adults' physical activity engagement.  Through qualitative and quantitative research, the study aims to  collect data that could help determine the older adults' neighborhood  environment satisfaction, preferences, perceived barriers, and identify the  existing neighborhood features that support or hinder the older adults from  engaging in physical and social activities. The study areas in this research  were in barangays with the highest percentage of elderly population in  Poblacion District, Davao City. The data acquired were analyzed through  Multiple Regression Analysis and Thematic Analysis. The findings from the  research were used as a basis in the formulation of architectural guidelines  for the proposed community center in Davao City.</subfield>
  </datafield>
  <datafield tag="658" ind1=" " ind2=" ">
   <subfield code="a">Architectural Design IX: Research Project in Architecture</subfield>
   <subfield code="c">ARCH191.</subfield>
  </datafield>
  <datafield tag="658" ind1=" " ind2=" ">
   <subfield code="a">Architectural design X: Architectural Design Project</subfield>
   <subfield code="c">ARCH192.</subfield>
  </datafield>
  <datafield tag="700" ind1="1" ind2=" ">
   <subfield code="a">Rosel, Minerva C.</subfield>
   <subfield code="e">adviser.</subfield>
  </datafield>
  <datafield tag="905" ind1=" " ind2=" ">
   <subfield code="a">UP</subfield>
  </datafield>
  <datafield tag="905" ind1=" " ind2=" ">
   <subfield code="a">FI</subfield>
  </datafield>
  <datafield tag="852" ind1="0" ind2=" ">
   <subfield code="a">UPMIN</subfield>
   <subfield code="b">UPMIN-MAIN</subfield>
   <subfield code="h">LG993.5 2021</subfield>
   <subfield code="i">A7 P65</subfield>
  </datafield>
  <datafield tag="942" ind1=" " ind2=" ">
   <subfield code="a">Thesis</subfield>
  </datafield>
 </record>
</collection>
